Creditos y Cobros Planificadora Superman S.A. / (Registro nro. 6252)

000 -CABECERA
Campo de control de longitud fija 00762nam a22001937a 4500
005 - FECHA Y HORA DE LA ÚLTIMA TRANSACCIÓN
Campo de control 20160609134000.0
008 - CAMPO FIJO DE DESCRIPCIÓN FIJA--INFORMACIÓN GENERAL
Campo de control de longitud fija 030206s2010 ho 000 0 spa d
090 #1 - CAMPOS LOCALES
Número de clasificación (OCLC) ; Número de clasificación,LLAMADA (RLIN) 00391
Signatura local (OCLC) ; Signatura sin dividir, número de libro, CALL (RLIN) AE 2010
100 1# - ENCABEZAMIENTO PRINCIPAL--NOMBRE PERSONAL
Nombre de persona Contreras Fuentes, Lesly Yadira
9 (RLIN) 137
245 00 - TÍTULO PROPIAMENTE DICHO
Título Creditos y Cobros Planificadora Superman S.A. /
Mención de responsabilidad, etc. Lesly Yadira Contreras Fuentes
260 ## - PUBLICACIÓN, DISTRIBUCIÓN, ETC (PIE DE IMPRENTA)
Lugar de publicación, distribución, etc. Honduras, San Pedro Sula :
Nombre del editor, distribuidor, etc. Universidad de San Pedro Sula,
Fecha de publicación, distribución, etc. 2010.
300 ## - DESCRIPCIÓN FÍSICA
Extensión 70 p.
500 ## - NOTA GENERAL
Nota general MONOGRAFIA EN BODEGA
502 ## - NOTA DE TESIS
Programa Académico Licenciatura en Administración de Empresas /
Nombre de la institución que otorga el título Universidad de San Pedro Sula.
650 04 - ASIENTO SECUNDARIO DE MATERIA--TÉRMINO DE MATERIA
Fuente del encabezamiento o término LEMB
Nombre de materia o nombre geográfico como elemento de entrada ADMINISTRACIÓN DE EMPRESAS
9 (RLIN) 71
650 04 - ASIENTO SECUNDARIO DE MATERIA--TÉRMINO DE MATERIA
Nombre de materia o nombre geográfico como elemento de entrada CREDITOS Y COBROS
9 (RLIN) 138
650 04 - ASIENTO SECUNDARIO DE MATERIA--TÉRMINO DE MATERIA
Nombre de materia o nombre geográfico como elemento de entrada PLANIFICADORA SUPERMAN
9 (RLIN) 101
942 #1 - ELEMENTOS KOHA
Koha tipo de item Monografía
Parte de Clasificación 00391 AE 2010
Fuente de clasificación o esquema de ordenación en estanterías
Existencias
Asignatura Fuente de clasificación o esquema Disponibilidad Ejemplar Código de barras Localización actual Mostrar en OPAC Formato de Material Fecha adquisición Estado Signatura completa Colección Localización permanente Tipo de Descarte Restricciones de uso Fecha última consulta Fecha de Descarte
USAP NULLEj. 108877Biblioteca Central  Papel2014-08-18Sin préstamo00391 AE 2010HemerotecaBiblioteca Central DesactualizadoNULL2014-08-182016-06-09

Campus Universitario - Ave. Circunvalación - San Pedro Sula, Honduras, C.A. / Tel: +504 2561.8777 / Fax: +504 2561.8787 / Email: info@usap.edu
Todos los Derechos Reservados. © MMXIII Universidad de San Pedro Sula